La Repulique Slovaque - L'Industrie

Bibliographic Details
Main Author: Šajtlavová, Marcela (Author)
Other Authors: Barčák, Stanislav, 1936-2007 (fot), Drozd, M. (fot), Struhár, Ladislav, 1954- (fot), Kačena, Štefan, 1951- (fot)
Format: Book
Language:French
PhysicalDescription:24 s. farebné fotogr., mp., tab. 30 cm
Published: Bratislava Slovenská informačná agentúra 1997
ISBN:8080481946
Subjects:

MARC

LEADER 00000nam a2200000 a 4500
001 vtls001321647
003 SK-MaSNL
005 20260425231803.0
008 240318s1997 xo a y 0 fre
015 |a SNBE1998/02-01065 
020 |a 8080481946 
035 |a SNK000274306 
040 |a SNK  |b slo  |c SNK  |e AACR2 
041 0 |a fre 
044 |a xo  |c SK 
080 |a 338.45(437.6)(083.9)  |2 1981 
100 1 |a Šajtlavová, Marcela  |4 aut  |9 11447 
245 1 0 |a La Repulique Slovaque - L'Industrie  |c auteur: Marcela Šajtlavová ; crédit photographique: S. Barčák ... [et al.] 
260 |a Bratislava  |b Slovenská informačná agentúra  |c 1997 
300 |a 24 s.  |b farebné fotogr., mp., tab.  |c 30 cm 
650 0 7 |a priemysel  |z Slovensko  |x spravodaje informačné  |2 SNK  |9 457181 
651 7 |a Slovensko  |2 SNK  |9 14231 
651 7 |a Slovensko  |x priemysel  |x spravodaje informačné  |2 SNK  |9 457182 
655 7 |a informačné publikácie  |2 SNK  |9 70181 
700 1 |a Barčák, Stanislav,  |d 1936-2007  |4 fot  |9 220185 
700 1 |a Drozd, M.  |4 fot  |9 43474 
700 1 |a Struhár, Ladislav,  |d 1954-  |4 fot  |9 89482 
700 1 |a Kačena, Štefan,  |d 1951-  |4 fot  |9 10090 
919 |a 80-8048-194-6 
958 |a TL 
958 |a BQ 
999 |c 717213  |d 719143 
952 |t P60, <09>, [BOOK], {629}  |a SNK  |b SNK  |y NEVYP  |7 0  |o snkB 58  |i snk300/980223  |0 0  |1 0  |4 0  |d 1998-02-20  |l 0  |r 2005-01-02 00:00:00  |w 2026-02-23 
952 |t P60, <03>, [BOOK], {603}  |a SNK  |b SNK  |y PREZ  |7 0  |p 17A0122959  |o snkOSB 11706  |i snkKSP 1826/98  |0 0  |1 0  |4 0  |d 1998-02-20  |l 0  |r 2005-01-02 00:00:00  |w 2026-02-23 
952 |t P60, <04>, [BOOK], {604}  |a SNK  |b SNK  |y VYP  |7 0  |p 17A0122960  |o snkOSB 11706 D1  |i snkKSP 1827/98  |0 0  |1 0  |4 0  |d 1998-02-20  |l 0  |r 2005-01-02 00:00:00  |w 2026-02-23